| 000 | 00864nam a2200253Ia 4500 | ||
|---|---|---|---|
| 005 | 20250425162219.0 | ||
| 008 | 250425s9999 xx 000 0 und d | ||
| 020 | _a1870077687 | ||
| 041 | _aeng | ||
| 082 |
_a623.89 _pCLA |
||
| 100 | _aClark, Ian | ||
| 245 | 0 |
_aShip Dynamics For Mariners: A Guide To The Theory Of Hull Resistance, power requirements, propulsion, steering, control systems and ship motion in a seaway _cIan Clark |
|
| 250 | _a1a. edición | ||
| 260 |
_aLondon _bThe Nautical Institute _c2005 |
||
| 300 |
_a300 p. _bilustrado _c29.8 cm. |
||
| 500 | _aContenido, índice | ||
| 504 | _aReferencia bibliográfica | ||
| 650 | _aFlujo de agua, láminas y olas | ||
| 650 | _aLa propulsión y las hélices de tornillo. | ||
| 650 | _aMovimiento del barco en una mar alta | ||
| 650 | _aVibración en barcos | ||
| 942 | _c01 | ||
| 010 | _a57127 | ||
| 999 |
_c224654 _d224654 |
||